| 000 | 00498nam a22001817a 4500 | ||
|---|---|---|---|
| 003 | OSt | ||
| 005 | 20230810103754.0 | ||
| 008 | 230810b |||||||| |||| 00| 0 eng d | ||
| 020 | _a8172245270 | ||
| 040 | _cChuka University Library | ||
| 050 |
_aHF 5686 _b.C53 2006 |
||
| 100 |
_aChatterjee, B.K. _91771 |
||
| 245 | _aCost & Management Accounting for Managers | ||
| 260 |
_aMumbai _bJAICO Publishing House _c2006 |
||
| 300 |
_a462p _bIllustrated |
||
| 650 |
_aAccounting _940 |
||
| 942 |
_2lcc _cBK _n0 |
||
| 999 |
_c15158 _d15158 |
||